| 000 | 00751nam a2200205 a 4500 | ||
|---|---|---|---|
| 003 | 0 | ||
| 005 | 20250303141345.0 | ||
| 008 | 120723s19uu xx 00 eng d | ||
| 050 |
_aPGS RJ 206.G46 _b.B214 2012 |
||
| 100 | _aBandong, Nash N. | ||
| 245 |
_aGender and eating habits of grade 5 and 6 SISC students / _cNash N. Bandong. |
||
| 260 |
_aLas PiƱas City, Philippines : _bSouthville International School and Colleges, _c2012. |
||
| 300 |
_a18 pages : _billustrations ; _c28 cm. |
||
| 504 | _aIncludes bibliographical references. | ||
| 650 |
_aEating habits _vGender differences. |
||
| 650 |
_aChildren _vDiet and nutrition. |
||
| 650 |
_aGender differences _vFood consumption. |
||
| 650 |
_aChild nutrition _vBehavior. |
||
| 942 |
_2lcc _cPASS |
||
| 999 |
_c98801 _d98801 |
||